Liverpool business parks (Record no. 61268)
[ view plain ]
| 000 -LEADER | |
|---|---|
| fixed length control field | 00641cam a2200205 4500 |
| 001 - CONTROL NUMBER | |
| control field | WB3545-07 |
| 008 - FIXED-LENGTH DATA ELEMENTS--GENERAL INFORMATION | |
| fixed length control field | 000000n1999 000 0 eng u |
| 035 ## - SYSTEM CONTROL NUMBER | |
| System control number | (Sirsi) u102218 |
| 245 0# - TITLE STATEMENT | |
| Title | Liverpool business parks |
| 260 0# - PUBLICATION, DISTRIBUTION, ETC. | |
| Date of publication, distribution, etc. | 1999 |
| 490 ## - SERIES STATEMENT | |
| Series statement | Financial Times |
| Volume/sequential designation | 16 November 1999, 6(1) |
| 520 ## - SUMMARY, ETC. | |
| Summary, etc. | MEPC plans to develop two new business parks near Liverpool, as a joint venture with local developer Intercity JIS. They hope to create about 4,000 jobs. |
| 590 ## - LOCAL NOTE (RLIN) | |
| Local note | WB |
| 650 0# - SUBJECT ADDED ENTRY--TOPICAL TERM | |
| Topical term or geographic name entry element | JOBS CREATION |
| 650 0# - SUBJECT ADDED ENTRY--TOPICAL TERM | |
| Topical term or geographic name entry element | MEPC |
| 650 0# - SUBJECT ADDED ENTRY--TOPICAL TERM | |
| Topical term or geographic name entry element | LIVERPOOL |
| 650 0# - SUBJECT ADDED ENTRY--TOPICAL TERM | |
| Topical term or geographic name entry element | BUSINESS PARKS |
| 690 ## - LOCAL SUBJECT ADDED ENTRY--TOPICAL TERM (OCLC, RLIN) | |
| Topical term or geographic name as entry element | PROPERTY-PROPERTY DEVELOPMENT |
| 942 ## - ADDED ENTRY ELEMENTS (KOHA) | |
| Suppress in OPAC | 0 |
| Withdrawn status | Lost status | Source of classification or shelving scheme | Damaged status | Not for loan | Home library | Current library | Shelving location | Date acquired | Total Checkouts | Full call number | Barcode | Date last seen | Copy number | Price effective from | Koha item type |
|---|---|---|---|---|---|---|---|---|---|---|---|---|---|---|---|
| Dewey Decimal Classification | London | London | News article | 17/11/1999 | WB3545-07 | 102218-1001 | 06/08/2019 | 1 | 06/08/2019 | News article |